000 01075nam a22003497a 4500
001 BR7804543
003 BR-BrBNA
005 20230928085653.0
007 ta
008 230509b bl.||||| |||| 00| 0 por d
040 _aBR-BrBNA
_bpor
_cBiblioteca Nacional de Agricultura
041 _a(Por)
072 _aE30; E10
_b/G514
090 _ E30 BR7804543
110 1 _aFederacao da Agricultura do Estado do Parana, Curitiba (Brasil)
245 1 _aPlano Integrado de Desenvolvimento Rural do Estado do Parana. Estrutura e tendencia da agricultura estadual [Brasil]
_bv. 1
260 3 _aCuritiba, PR (Brasil):
_c1978.
300 _a114 p.
500 _a30 tables; Bibliography p. 97-101 (72 ref.)
650 _aPolitica de desenvolvimento
650 _aMacroeconomia
650 _aDesenvolvimento rural
650 _aDesenvolvimento economico
650 _aDesenvolvimento industrial
650 _aCapital
650 _aMercado
650 _aInsumo
650 _aInvestimento
650 _aParana
909 _a202309
_bLucia
_c55
_dLucia Elande
942 _cBK
999 _c25692
_d25692